Úprava období, ktoré sa počítajú do obdobia pre získanie dávky v nezamestnanosti

Nárok na dávku v nezamestnanosti vzniká občanovi zaradenému do evidencie uchádzačov o zamestnanie len v prípade, ak získal aspoň dva roky poistenia v nezamestnanosti v období posledných štyroch rokov. Táto podmienka uvedená v § 104 ods. 1 zákona č. 461/2003 Z. z. o sociálnom poistení v platnom znení...

Descrizione completa

Salvato in:
Dettagli Bibliografici
Autore principale: Žuľová, Jana
Natura: Capitolo di libro
Lingua:slovacco
Soggetti:
Tags: Aggiungi Tag
Nessun Tag, puoi essere il primo ad aggiungerne!!

MARC

LEADER 00000naa a2200000 4500
001 0288609
005 20240417075219.2
041 0 |a slo 
044 |a SK 
245 1 0 |a Úprava období, ktoré sa počítajú do obdobia pre získanie dávky v nezamestnanosti  |c Jana Žuľová 
520 |a Nárok na dávku v nezamestnanosti vzniká občanovi zaradenému do evidencie uchádzačov o zamestnanie len v prípade, ak získal aspoň dva roky poistenia v nezamestnanosti v období posledných štyroch rokov. Táto podmienka uvedená v § 104 ods. 1 zákona č. 461/2003 Z. z. o sociálnom poistení v platnom znení určuje, aké dôležité je predchádzajúce obdobie poistenia v nezamestnanosti. 
610 2 0 |a dávky v nezamestnanosti 
610 2 0 |a poistenie v nezamestnanosti 
610 2 0 |a poistenie sociálne 
610 2 0 |a zákony 
100 1 |a Žuľová, Jana